Statistics for I'm Yours-Jason Mraz lyrics

Click here to take the quiz!

General Stats

  • This quiz has been taken 174 times
    (167 since last reset)
  • The average score is 260 of 339

Answer Stats

Lyrics% Correct
I
99%
you
99%
You
99%
your
99%
I'm
98%
To
97%
to
97%
be
96%
Do
96%
do
96%
me
96%
no
96%
No
96%
the
96%
we
96%
a
95%
It
95%
it
95%
yours
95%
and
94%
And
94%
so
94%
So
94%
that
91%
my
89%
try
89%
back
88%
But
88%
but
88%
felt
88%
get
88%
in
88%
right
88%
Well
88%
you're
88%
trying
87%
fell
86%
more
86%
cool
85%
go
85%
hot
85%
up
85%
done
84%
tried
84%
now
83%
is
82%
melted
82%
wait
82%
win
82%
won't
82%
best
81%
I'll
81%
love
81%
see
81%
bet
80%
cracks
80%
through
80%
cannot
79%
It's
79%
it's
79%
hesitate
78%
there
78%
giving
77%
just
75%
Our
75%
our
75%
Before
74%
like
74%
on
74%
open
73%
Open
73%
run
73%
some
73%
stop
73%
need
72%
gonna
71%
out
71%
time
71%
free
70%
bestest
69%
learn
69%
or
69%
nothing's
68%
There's
68%
complicate
66%
intervention
66%
of
66%
mind
65%
chill
64%
divine
64%
this
64%
This
64%
turn
64%
damn
63%
heart
63%
plans
63%
we're
63%
glass
62%
one
62%
reckon
62%
face
60%
family
60%
find
60%
laughed
60%
look
60%
sure
60%
fate
59%
loved
59%
mirror
59%
big
58%
short
58%
you'll
58%
breath
57%
fogged
57%
into
57%
over
57%
sing
56%
dance
55%
drew
55%
what
55%
clearer
54%
don't
54%
people
54%
again
53%
Listen
53%
music
53%
too
52%
guess
50%
oh
50%
tongue
50%
will
50%
want
49%
I've
48%
moment
47%
backwards
46%
been
46%
better
46%
ear
46%
reason
46%
sky
46%
ain't
44%
bending
44%
checking
44%
long
44%
yourself
44%
closer
43%
godforsaken
43%
new
43%
please
43%
rid
43%
way
43%
with
43%
dear
42%
nibble
42%
saying
42%
spending
42%
'Cause
40%
seasons
39%
name
38%
virtue
38%
aim
37%
scooch
32%
vanities
31%
believe
20%
Baby
15%

Score Distribution

Percentile by Number Answered

Percent of People with Each Score

Your Score History

You have not taken this quiz since the last reset